Fundamentals of magnetism and electricity (Record no. 14625)

000 -LEADER
fixed length control field 00450nam a22001811 4500
001 - CONTROL NUMBER
control field 14625
003 - CONTROL NUMBER IDENTIFIER
control field BD-DhUET
008 - FIXED-LENGTH DATA ELEMENTS--GENERAL INFORMATION
fixed length control field 740123s1966 ii ac 000 0 eng
040 ## - CATALOGING SOURCE
Original cataloging agency DLC
Transcribing agency DLC
Modifying agency BD-DhUET
082 00 - DEWEY DECIMAL CLASSIFICATION NUMBER
Classification number 537
Item number VAS/1964
100 1# - MAIN ENTRY--PERSONAL NAME
Personal name Vasudeva, D. N.
245 10 - TITLE STATEMENT
Title Fundamentals of magnetism and electricity
250 ## - EDITION STATEMENT
Edition statement 1st ed.
260 ## - PUBLICATION, DISTRIBUTION, ETC. (IMPRINT)
Place of publication, distribution, etc. New Delhi
Name of publisher, distributor, etc. S. Chand
Date of publication, distribution, etc. 1964
300 ## - PHYSICAL DESCRIPTION
Extent iii, 827p.
Other physical details ill.
650 #0 - SUBJECT ADDED ENTRY--TOPICAL TERM
Topical term or geographic name as entry element Electricity
942 ## - ADDED ENTRY ELEMENTS (KOHA)
Koha item type General Book
Holdings
Shelving location Source of classification or shelving scheme Not for loan Withdrawn status Koha normalized classification for sorting Damaged status Lost status Price effective from Koha full call number Piece designation (barcode) Koha item type Sublocation or collection (holding branch) Copy number Location (home branch) Koha date last seen Date acquired
Circulation section   537_000000000000000_VAS_1964  2015-03-09537/VAS/196452538General BookCentral Library, BUET1Central Library, BUET2015-03-092015-03-09
Circulation section   537_000000000000000_VAS_1964  2015-03-19537/VAS/19645745General BookCentral Library, BUET2Central Library, BUET2015-03-192015-03-19
Circulation section   537_000000000000000_VAS_1964  2015-03-19537/VAS/19645428General BookCentral Library, BUET3Central Library, BUET2015-03-192015-03-19
Circulation section   537_000000000000000_VAS_1964  2015-04-30537/VAS/196411575General BookCentral Library, BUET4Central Library, BUET2015-04-302015-04-30